[Event "Championnat de France des Jeunes - Benja"]
[Site "LE GRAND BORNAND"]
[Date "2009.04.22"]
[Round "5.11"]
[White "Luciani, Thibault"]
[Black "Bernard, Alien"]
[Result "1-0"]
[WhiteElo "1864"]
[BlackElo "1800"]
[PlyCount "55"]

1. e4 e5 2. Nf3 Nf6 3. Nxe5 d6 4. Nf3 Nxe4 5. d4 d5 6. Bd3 Nc6 7. O-O Bg4 8.
Re1 f5 9. c4 Be7 10. cxd5 Qxd5 11. Bxe4 fxe4 12. Nc3 Bxf3 13. Qxf3 exf3 14.
Nxd5 Kd7 15. Nxe7 Nxe7 16. gxf3 Rhf8 17. Kg2 Nf5 18. Re4 Rf7 19. b3 g5 20. Kf1
Nh4 21. Bxg5 Nxf3 22. Be3 Nxh2+ 23. Ke2 Nf3 24. Rh1 Rg8 25. Rh5 b6 26. d5 Rg1
27. Rf4 Re1+ 28. Kxf3 1-0

[Event "Championnat de France des Jeunes - Benja"]
[Site "LE GRAND BORNAND"]
[Date "2009.04.22"]
[Round "5.12"]
[White "Macon, Arthur"]
[Black "Ravot, Emmanuel"]
[Result "0-1"]
[WhiteElo "1732"]
[BlackElo "1857"]
[PlyCount "102"]

1. d4 g6 2. c4 Bg7 3. Nf3 d6 4. Nc3 Nf6 5. e4 O-O 6. Be2 e5 7. O-O Nc6 8. d5
Ne7 9. Ne1 Nd7 10. Nd3 f5 11. Bd2 Nf6 12. f3 f4 13. c5 g5 14. Rc1 Rf7 15. cxd6
cxd6 16. Nb5 Ng6 17. Nf2 h5 18. h3 Bf8 19. Qc2 Ne8 20. a4 Rh7 21. a5 Nh4 22. b4
g4 23. fxg4 hxg4 24. Bxg4 Qg5 25. Qd3 Nf6 26. Qe2 Nh5 27. Nh1 Rg7 28. Rc7 Be7
29. Rf2 Bxg4 30. Qxg4 Qxg4 31. hxg4 Nf6 32. Re2 Nxg4 33. Rxb7 f3 34. g3 fxe2
35. gxh4 Ne3+ 36. Kf2 Bxh4+ 37. Kxe3 Rxb7 38. Nxd6 Rd7 39. Nc4 e1=Q+ 40. Bxe1
Bxe1 41. Nxe5 Rh7 42. Nf2 Bxb4 43. Nfg4 Rh3+ 44. Kf2 Bxa5 45. Kg2 Rb3 46. Nf6+
Kg7 47. Nh5+ Kh6 48. Ng3 Rxg3+ 49. Kxg3 Bc7 50. Kg4 Bxe5 51. Kf5 Re8 0-1

[Event "Championnat de France des Jeunes - Benja"]
[Site "LE GRAND BORNAND"]
[Date "2009.04.22"]
[Round "5.13"]
[White "Kirk, Ezra"]
[Black "Rouxel, Marc-Milan"]
[Result "1/2-1/2"]
[WhiteElo "1884"]
[BlackElo "1780"]
[PlyCount "111"]

1. d4 g6 2. c4 Bg7 3. Nc3 d6 4. e4 Nd7 5. Nf3 e5 6. Be3 exd4 7. Nxd4 Ngf6 8.
Be2 O-O 9. O-O Re8 10. f3 Ne5 11. Qd2 c6 12. Rad1 Be6 13. Nxe6 Rxe6 14. c5 d5
15. exd5 Nxd5 16. Nxd5 cxd5 17. f4 Nc6 18. Bf3 Qe7 19. Bf2 d4 20. b4 a6 21. a3
Rd8 22. Qd3 Bh6 23. g3 Bg7 24. Qc4 Qe8 25. Bg4 Re4 26. Bf3 Re6 27. Rd3 g5 28.
Bxc6 Rxc6 29. fxg5 Rc7 30. Re1 Re7 31. Qc1 Re4 32. Qd1 Qe5 33. h4 Qe7 34. Kg2
Qe6 35. Rxe4 Qxe4+ 36. Qf3 Qe7 37. Qg4 Qe5 38. Qf4 Qd5+ 39. Kg1 Qd7 40. g4 Qe7
41. Rd2 d3 42. h5 Bc3 43. Be3 Bxd2 44. Bxd2 Qe2 45. g6 hxg6 46. hxg6 Qe6 47.
gxf7+ Kf8 48. a4 Qxf7 49. Qh6+ Qg7 50. Qf4+ Qf7 51. Qh6+ Qg7 52. Qe6 Re8 53.
Qd6+ Kg8 54. Qd5+ Qf7 55. Qxd3 Rf8 56. Qe2 1/2-1/2

[Event "Championnat de France des Jeunes - Benja"]
[Site "LE GRAND BORNAND"]
[Date "2009.04.22"]
[Round "5.14"]
[White "Bapst, Valentin"]
[Black "Roques, Olivier"]
[Result "1-0"]
[WhiteElo "1702"]
[BlackElo "1855"]
[PlyCount "58"]

1. e4 c5 2. Nf3 d6 3. d4 cxd4 4. Nxd4 Nf6 5. Nc3 a6 6. Bg5 e6 7. f4 Be7 8. Qf3
Qc7 9. O-O-O Nbd7 10. Bd3 b5 11. Rhe1 b4 12. Nd5 exd5 13. exd5 Bb7 14. Nf5 Bxd5
15. Rxe7+ Kd8 16. Be4 Rc8 17. Bxf6 Bxe4 18. Qxe4 Nxf6 19. Qd3 Nd7 20. Rxf7 d5
21. Rd2 Re8 22. Nxg7 Re1+ 23. Rd1 Re3 24. Rxd7+ Qxd7 25. Qxe3 Qxg7 26. Rxd5+
Kc7 27. Qc5+ Kb7 28. Qxb4+ Ka8 29. Qe4 Rc6 1-0

[Event "Championnat de France des Jeunes - Benja"]
[Site "LE GRAND BORNAND"]
[Date "2009.04.22"]
[Round "5.15"]
[White "Bach, Anatole"]
[Black "Malka, Samuel"]
[Result "1-0"]
[WhiteElo "1845"]
[BlackElo "1772"]
[PlyCount "131"]

1. e4 c5 2. Nf3 d6 3. d4 cxd4 4. Nxd4 Nf6 5. Nc3 a6 6. Bc4 e6 7. Bb3 Be7 8. Be3
b5 9. Qf3 Qc7 10. O-O-O Nc6 11. Nxc6 Qxc6 12. Rhe1 O-O 13. Bg5 Bb7 14. Qd3 Rfd8
15. f3 b4 16. Ne2 a5 17. Nd4 Qd7 18. Qb5 Qxb5 19. Nxb5 a4 20. Bc4 Rac8 21. Bf1
e5 22. Kb1 Rc5 23. c4 bxc3 24. Nxc3 a3 25. Na4 Ra5 26. b3 Bc6 27. Nc3 Rc8 28.
Bc4 Rc5 29. Bxf6 gxf6 30. Nd5 Bxd5 31. Rxd5 Rxd5 32. Bxd5 Rc5 33. Rc1 Kf8 34.
Rc4 Rxc4 35. Bxc4 Bd8 36. b4 Bb6 37. Kc2 Bd4 38. Kb3 Bb2 39. b5 Ke8 40. Bd5 Kd8
41. Bxf7 Kc7 42. Bd5 Kb6 43. Bc6 h6 44. Kc4 Bc1 45. Kd5 Kc7 46. h4 Bf4 47. Ke6
Bg3 48. Kxf6 Bxh4+ 49. Kg6 Bg5 50. g3 Bc1 51. Kf5 Bb2 52. Be8 Bd4 53. f4 exf4
54. gxf4 Be3 55. Kg4 Kd8 56. Bh5 Kd7 57. Kf5 Kc7 58. Be2 Kd7 59. e5 dxe5 60.
fxe5 Ke7 61. Ke4 Ba7 62. Kd5 Kd7 63. Bg4+ Ke7 64. Kc6 Bb8 65. Kb7 Bxe5 66. Ka8
1-0

[Event "Championnat de France des Jeunes - Benjamines"]
[Site "LE GRAND BORNAND"]
[Date ""]
[Round "5.1"]
[White "Griggio, Julie"]
[Black "Aflalo, Sophie"]
[Result "0-1"]
[WhiteElo "1807"]
[BlackElo "1985"]
[Annotator ""]

1. e4 c5 2. Nf3 Nc6 3. c3 g6 4. d4 cxd4 5. cxd4 Bg7 6. Be3 d5 7. exd5 Qxd5 8.
Nc3 Qd8 9. Bb5 Bd7 10. Qd2 Nf6 11. O-O O-O 12. Bh6 a6 13. Bxg7 Kxg7 14. Bxc6
Bxc6 15. Ne5 Bd5 16. Rfe1 Rc8 17. Rac1 Qd6 18. Nxd5 Qxd5 19. b3 a5 20. Nc4 Qd8
21. Nxa5 Rxc1 22. Rxc1 Qd5 23. Nc4 Rd8 24. Rd1 b5 25. Ne3 Qa8 26. Qb4 Qxa2 27.
Qxb5 Qb2 28. b4 Ra8 29. h3 Ra2 30. Rf1 Qxd4 31. Qc4 Qxc4 32. Nxc4 Ra4 33. Rb1
Nd5 34. Rd1 Nxb4 35. Rd7 Kf6 36. Nb6 Ra1+ 37. Kh2 Ke6 38. Rd4 Nc6 39. Rd2 Kf6
40. Nd5+ Kg7 41. Rc2 e6 42. Rxc6 exd5 43. Rd6 Ra5 44. Kg3 Kf8 45. Rd7 Ke8 46.
Rc7 Kf8 47. Kf3 Ra3+ 48. Ke2 Kg7 49. Rc5 d4 50. Rd5 Ra2+ 51. Kf3 Ra4 52. g4 Kf6
53. Ke4 Ra2 54. f4 Rh2 55. Rxd4 0-1

[Event "Championnat de France des Jeunes - Benja"]
[Site "LE GRAND BORNAND"]
[Date "2009.04.22"]
[Round "5.2"]
[White "Eid, Maha"]
[Black "Navrotescu, Andreea-Cristiana"]
[Result "1/2-1/2"]
[WhiteElo "1929"]
[BlackElo "1853"]
[PlyCount "64"]

1. d4 Nf6 2. c4 e6 3. Nf3 b6 4. a3 Ba6 5. Qc2 Bb7 6. Nc3 c5 7. dxc5 bxc5 8. Bg5
Be7 9. Rd1 O-O 10. e4 h6 11. Bh4 Qc7 12. Be2 d6 13. O-O Nbd7 14. Bg3 a6 15. Qd3
Ne5 16. Bxe5 dxe5 17. Qb1 Bc6 18. Bd3 Rab8 19. Bc2 Rb7 20. Qc1 Qb8 21. b3 Rd7
22. Rfe1 Rfd8 23. Rxd7 Rxd7 24. Rd1 Bd6 25. Qe3 Qb7 26. Rb1 Ng4 27. Qe2 Qb8 28.
Ne1 Nf6 29. Nd3 Qa8 30. Re1 Qb8 31. f4 Bb7 32. Kh1 Qc7 1/2-1/2

[Event "Championnat de France des Jeunes - Benja"]
[Site "LE GRAND BORNAND"]
[Date "2009.04.22"]
[Round "5.3"]
[White "Afraoui, Solenn"]
[Black "Pivard, Elsa"]
[Result "1/2-1/2"]
[WhiteElo "1840"]
[BlackElo "1710"]
[PlyCount "71"]

1. Nf3 Nc6 2. d4 e6 3. g3 d5 4. Bg2 Nf6 5. O-O Be7 6. Nbd2 O-O 7. e3 Na5 8. a3
b6 9. b4 Nb7 10. c4 c5 11. Ne5 cxb4 12. axb4 Bxb4 13. Nc6 Qd6 14. Nxb4 Qxb4 15.
Ba3 Qc3 16. Bxf8 Kxf8 17. Qc1 Qxc1 18. Rfxc1 Bd7 19. cxd5 exd5 20. Rc7 Bc8 21.
Nf3 Ne8 22. Rc3 Nbd6 23. Ne5 Bb7 24. Rca3 Nb5 25. Rb3 Ned6 26. Bf1 Nc7 27. Rb2
f6 28. Nf3 Ke7 29. Nd2 b5 30. Rc1 Kd7 31. Nb3 a6 32. Na5 Rb8 33. Rcb1 Ne6 34.
Rb4 Nd8 35. Bh3+ Kc7 36. Rc1+ 1/2-1/2

[Event "Championnat de France des Jeunes - Benja"]
[Site "LE GRAND BORNAND"]
[Date "2009.04.22"]
[Round "5.4"]
[White "Fischer, Julie"]
[Black "Pouillart, Cecile"]
[Result "1/2-1/2"]
[WhiteElo "1644"]
[BlackElo "1745"]
[PlyCount "105"]

1. e4 c5 2. d4 cxd4 3. c3 Nf6 4. e5 Nd5 5. cxd4 d6 6. f4 dxe5 7. dxe5 e6 8. Qb3
Bb4+ 9. Bd2 Bxd2+ 10. Nxd2 O-O 11. Nh3 Nc6 12. O-O-O b6 13. Bd3 Bb7 14. Nc4 Qh4
15. Nd6 Na5 16. Qa4 Bc6 17. Qd4 Nb7 18. Ne4 Rac8 19. Kb1 Qe7 20. Rc1 Rfd8 21.
Ng3 Nb4 22. Bxh7+ Kxh7 23. Ng5+ Qxg5 24. Qxb4 Qg6+ 25. Ka1 Qd3 26. Rhg1 Qd4 27.
Qe1 Bd5 28. Rd1 Qa4 29. b3 Bxb3 30. Rd2 Rxd2 31. Qxd2 Nc5 32. Rb1 Bd5 33. Ne2
Nb3+ 34. Rxb3 Bxb3 35. Qd3+ Kg8 36. Qxb3 Qxb3 37. axb3 Rc2 38. Nd4 Rxg2 39. Nc6
a5 40. Ne7+ Kf8 41. Nc8 Rxh2 42. Nxb6 Rf2 43. Nc4 Rxf4 44. Nxa5 Rb4 45. Kb2 g5
46. Kc3 Rh4 47. b4 Ke7 48. b5 Kd7 49. b6 Ra4 50. b7 Kc7 51. Nc6 Kxb7 52. Nd8+
Kc7 53. Nxf7 1/2-1/2

[Event "Championnat de France des Jeunes - Benja"]
[Site "LE GRAND BORNAND"]
[Date "2009.04.22"]
[Round "5.5"]
[White "Rigolot, Lucie"]
[Black "Dubois, Marie"]
[Result "1-0"]
[WhiteElo "1831"]
[BlackElo "1636"]
[PlyCount "45"]

1. e4 c5 2. Nf3 d6 3. d4 cxd4 4. Nxd4 Nf6 5. Nc3 a6 6. Bc4 b5 7. Bb3 Bb7 8. O-O
Nbd7 9. Re1 b4 10. Nd5 e6 11. Ba4 Nxd5 12. exd5 Bxd5 13. Qh5 Be7 14. Rxe6 Bxe6
15. Nxe6 Qc8 16. Nxg7+ Kd8 17. Qxf7 Nc5 18. Nf5 Qe6 19. Qxe6 Nxe6 20. Bb3 Nc5
21. Bd5 Rc8 22. Bh6 Bf6 23. Nxd6 1-0

[Event "Championnat de France des Jeunes - Benja"]
[Site "LE GRAND BORNAND"]
[Date "2009.04.22"]
[Round "5.6"]
[White "Monpeurt, Cyrielle"]
[Black "Bertrand, Meryl"]
[Result "1-0"]
[WhiteElo "1755"]
[BlackElo "1610"]
[PlyCount "61"]

1. e4 e5 2. Nf3 Nc6 3. Bb5 Bc5 4. O-O Nf6 5. Re1 O-O 6. c3 d6 7. h3 Re8 8. d4
exd4 9. cxd4 Bb4 10. Bd2 Rxe4 11. Rxe4 Nxe4 12. Bxc6 Nxd2 13. Bd5 Nxf3+ 14.
Qxf3 Qf6 15. Bxb7 Qxf3 16. Bxf3 Rb8 17. Nc3 Bxc3 18. bxc3 Bb7 19. Rb1 Kf8 20.
Rxb7 Rxb7 21. Bxb7 Ke7 22. Kf1 Ke6 23. Ke2 c5 24. Kd3 cxd4 25. Kxd4 Ke7 26. Kd5
f6 27. Bc8 h6 28. Kc6 g6 29. Kb7 Kd8 30. Be6 Ke7 31. Bb3 1-0

[Event "Championnat de France des Jeunes - Benja"]
[Site "LE GRAND BORNAND"]
[Date "2009.04.22"]
[Round "5.7"]
[White "Gan, Grace"]
[Black "Aggoune, Audessa"]
[Result "0-1"]
[WhiteElo "1700"]
[BlackElo "1570"]
[PlyCount "64"]

1. e4 e5 2. Nf3 Nf6 3. Nxe5 d6 4. Nf3 Nxe4 5. d4 d5 6. Bd3 Bf5 7. O-O Bd6 8.
Re1 O-O 9. c4 c6 10. a3 Nd7 11. Nc3 Nxc3 12. bxc3 Bxd3 13. Qxd3 h6 14. cxd5
cxd5 15. Qf5 Nf6 16. Ne5 Qc8 17. Qd3 Ne4 18. Re3 Qc7 19. f4 Rac8 20. Bb2 Rfe8
21. Rf1 Qb6 22. Rb1 Qc7 23. Rf1 f6 24. Ng6 Kf7 25. Ne5+ Kg8 26. Ng6 Kh7 27. f5
Bxh2+ 28. Kh1 Ng3+ 29. Rxg3 Bxg3 30. Qf3 Re4 31. Qh5 Rce8 32. Ne7 R8xe7 0-1

[Event "Championnat de France des Jeunes - Benja"]
[Site "LE GRAND BORNAND"]
[Date "2009.04.22"]
[Round "5.8"]
[White "Verwaerde, Jolanthe"]
[Black "Kambrath, Linda"]
[Result "1/2-1/2"]
[WhiteElo "1590"]
[BlackElo "1680"]
[PlyCount "100"]
[EventDate "2009.??.??"]

1. e4 e5 2. Nf3 Nc6 3. d4 exd4 4. Bc4 Bb4+ 5. c3 dxc3 6. O-O Nge7 7. a3 Bc5 8.
Nxc3 O-O 9. b4 Bb6 10. Bb2 d6 11. Qb3 Nd4 12. Nxd4 Bxd4 13. Rad1 Bf6 14. Ne2
Bxb2 15. Qxb2 Ng6 16. Ng3 Kh8 17. Qd4 f6 18. f4 a6 19. f5 Ne5 20. Bb3 Bd7 21.
Qf2 Bb5 22. Ne2 a5 23. Rd2 axb4 24. axb4 Ra3 25. Bc2 Ra2 26. Rc1 Qe8 27. Nd4
Bd3 28. Ne6 Rf7 29. Bb1 Rxd2 30. Qxd2 Bxb1 31. Rxb1 Nc4 32. Qc3 b5 33. Ra1 Qb8
34. Qd4 h6 35. Qa7 Qb6+ 36. Qxb6 Nxb6 37. Ra5 c6 38. Ra6 Rb7 39. Nd8 Rb8 40.
Nxc6 Rb7 41. Ra7 Rxa7 42. Nxa7 d5 43. exd5 Nxd5 44. Nxb5 Nxb4 45. Nd6 Kg8 46.
Kf2 Kf8 47. Kf3 Ke7 48. Ne4 Nd3 49. g4 Ne5+ 50. Kg3 Nd3 1/2-1/2

[Event "Championnat de France des Jeunes - Benja"]
[Site "LE GRAND BORNAND"]
[Date "2009.04.22"]
[Round "5.9"]
[White "Henry, Laura"]
[Black "Vignette, Jeanne"]
[Result "1-0"]
[WhiteElo "1663"]
[BlackElo "1502"]
[PlyCount "96"]

1. e4 e5 2. Nf3 Nc6 3. Bb5 a6 4. Ba4 Nf6 5. d3 b5 6. Bb3 Bc5 7. O-O d6 8. c3
O-O 9. Re1 Rb8 10. d4 Bb6 11. dxe5 Nxe5 12. Nxe5 dxe5 13. Qxd8 Rxd8 14. Bg5 Rd6
15. Be3 Bxe3 16. Rxe3 Bb7 17. f3 Rbd8 18. a4 c6 19. axb5 cxb5 20. Re2 h6 21.
Kf1 Nd7 22. Bc2 Nc5 23. b4 Nd3 24. g3 g5 25. h3 Kg7 26. Nd2 Nxb4 27. cxb4 Rxd2
28. Rxd2 Rxd2 29. Rc1 Rh2 30. Rd1 Rxc2 31. Rd7 Bc8 32. Ra7 Bxh3+ 33. Ke1 Ra2
34. Rc7 Ra4 35. Ra7 h5 36. Kf2 Be6 37. Ke3 Rxb4 38. Rxa6 Ra4 39. Rb6 b4 40. Rb5
Kf6 41. Rb6 b3 42. Kd2 h4 43. gxh4 gxh4 44. Ke1 Kg5 45. Rb8 h3 46. Kf2 Kf4 47.
Ke2 h2 48. Rh8 b2 1-0

[Event "Championnat de France des Jeunes - Benja"]
[Site "LE GRAND BORNAND"]
[Date "2009.04.22"]
[Round "5.10"]
[White "Nolot, Clementine"]
[Black "Floc'H, Jasmine"]
[Result "1-0"]
[WhiteElo "1659"]
[BlackElo "1180"]
[PlyCount "67"]

1. e4 c5 2. Nf3 d6 3. d4 cxd4 4. Nxd4 Nf6 5. Nc3 a6 6. Bg5 e6 7. f4 Be7 8. Qf3
Qc7 9. O-O-O Nbd7 10. Be2 O-O 11. g4 Re8 12. Bxf6 Bxf6 13. g5 Be7 14. h4 e5 15.
Nf5 Nb6 16. Nxe7+ Qxe7 17. f5 f6 18. gxf6 Qxf6 19. Rhg1 Bd7 20. Qe3 d5 21. Nxd5
Nxd5 22. Rxd5 Bc6 23. Rdd1 Rad8 24. Rdf1 Rd4 25. Rg4 h5 26. Rg6 Rxe4 27. Qb3+
Qf7 28. Qxf7+ Kxf7 29. Bxh5 Kf8 30. f6 Bb5 31. fxg7+ Kg8 32. Rfg1 Re7 33. Bf3
Rxh4 34. Bd5+ 1-0

[Event "Championnat de France des Jeunes - Benja"]
[Site "LE GRAND BORNAND"]
[Date "2009.04.22"]
[Round "5.11"]
[White "Tamburro, Clemence"]
[Black "Bekhouche, Marion"]
[Result "0-1"]
[WhiteElo "1380"]
[BlackElo "1638"]
[PlyCount "86"]

1. e4 e6 2. d4 d5 3. e5 c5 4. c3 Qb6 5. Nf3 Nc6 6. Be2 cxd4 7. cxd4 Nh6 8. b3
Nf5 9. Bb2 Bb4+ 10. Kf1 O-O 11. a3 Be7 12. Nc3 Bd7 13. Na4 Qc7 14. g3 f6 15.
Kg2 fxe5 16. dxe5 Nh6 17. Rc1 Be8 18. Nc5 Bxc5 19. Rxc5 Bg6 20. Rc1 Be4 21. Re1
Rf5 22. Kg1 Raf8 23. Nd4 Qb6 24. Nxf5 Rxf5 25. Rf1 Rf8 26. b4 Nf5 27. Bg4 Ne3
28. Bxe6+ Kh8 29. Qh5 Nxf1 30. Rxf1 Bd3 31. Bf7 Bxf1 32. Kxf1 Nd8 33. e6 Nxe6
34. f4 Qe3 35. Be5 Qd3+ 36. Kg2 Nd4 37. Qg5 Qc2+ 38. Kh3 Qf5+ 39. Qxf5 Nxf5 40.
Bxd5 b6 41. g4 Ne3 42. Be4 Nc4 43. Bd4 Rxf4 0-1

[Event "Championnat de France des Jeunes - Benja"]
[Site "LE GRAND BORNAND"]
[Date "2009.04.22"]
[Round "5.12"]
[White "Sriskantharajah, Niruja"]
[Black "Morlay, Benedicte"]
[Result "1-0"]
[WhiteElo "1643"]
[BlackElo "1350"]
[PlyCount "75"]

1. e4 Nc6 2. d4 d5 3. e5 Bf5 4. Bb5 Qd7 5. Be3 e6 6. a3 Nge7 7. Nc3 a6 8. Be2
g6 9. Nf3 Bg7 10. O-O Bg4 11. h3 Bxf3 12. Bxf3 Nf5 13. Qd2 f6 14. exf6 Bxf6 15.
Ne2 e5 16. dxe5 Bxe5 17. Qxd5 Qxd5 18. Bxd5 Bxb2 19. Rab1 Bxa3 20. Rxb7 Nfe7
21. Bxc6+ Nxc6 22. Rxc7 Nb4 23. Ra1 Bb2 24. Rb1 Be5 25. Rc4 Nd5 26. Bd4 Bxd4
27. Rxd4 Nc7 28. Re4+ Kf7 29. Rb7 Rac8 30. Rc4 Rhe8 31. Rcxc7+ Rxc7 32. Rxc7+
Kg8 33. Kf1 Ra8 34. f3 a5 35. Rc3 a4 36. Ra3 Rc8 37. c3 Rc4 38. Ke1 1-0

[Event "Championnat de France des Jeunes - Benja"]
[Site "LE GRAND BORNAND"]
[Date "2009.04.22"]
[Round "5.13"]
[White "Vallat, Julie"]
[Black "Chauvet, Adele"]
[Result "1-0"]
[WhiteElo "1210"]
[BlackElo "1370"]
[PlyCount "85"]

1. e4 c5 2. Nf3 Nc6 3. d4 cxd4 4. Nxd4 g6 5. Be3 Bg7 6. Nc3 Nf6 7. Bc4 O-O 8.
O-O h6 9. f3 Qb6 10. Na4 Qb4 11. Bb3 e6 12. a3 Qe7 13. Nxc6 bxc6 14. Bc5 Qe8
15. Bxf8 Qxf8 16. Kh1 d5 17. Qd3 Nd7 18. c3 Nb6 19. Rfd1 Rb8 20. Rab1 Kh7 21.
exd5 cxd5 22. Qe3 Nxa4 23. Bxa4 a5 24. Qa7 Rb7 25. Qxa5 Qe7 26. Bc6 Ra7 27. Qb6
Ra6 28. Qb5 Qd6 29. Be8 Kg8 30. Rd2 Kf8 31. c4 Qb6 32. Qxb6 Rxb6 33. c5 Ra6 34.
Bb5 Ra5 35. a4 Ke7 36. b3 Ba6 37. c6 Bxb5 38. axb5 Rxb5 39. Rc2 Kd8 40. c7+ Kc8
41. f4 e5 42. Ra1 Rxb3 43. Ra8+ 1-0

[Event "Championnat de France des Jeunes - Benja"]
[Site "LE GRAND BORNAND"]
[Date "2009.04.22"]
[Round "5.14"]
[White "Le Marec, Laura"]
[Black "Ruhlmann, Helene"]
[Result "1-0"]
[WhiteElo "1554"]
[BlackElo "1780"]
[PlyCount "121"]

1. Nf3 Nf6 2. g3 d5 3. Bg2 c6 4. O-O Bg4 5. d3 Nbd7 6. Nbd2 e5 7. e4 Bd6 8. Re1
O-O 9. c3 Re8 10. Qc2 Qb6 11. Nb3 Qc7 12. Be3 b6 13. Nfd2 Rad8 14. h3 Bh5 15.
Rac1 Bg6 16. Bg5 Rc8 17. d4 Re6 18. Bxf6 Nxf6 19. dxe5 Rxe5 20. f4 Ree8 21. c4
dxe4 22. Nxe4 Nxe4 23. Bxe4 Bxe4 24. Rxe4 Rxe4 25. Qxe4 Qe7 26. Qxe7 Bxe7 27.
Rd1 Rd8 28. Rxd8+ Bxd8 29. Nd4 c5 30. Nc6 Bf6 31. Nxa7 Bxb2 32. Nc8 b5 33. cxb5
c4 34. Ne7+ Kf8 35. Nd5 c3 36. Nb4 Ba3 37. Nc2 Bc5+ 38. Kf1 Ke7 39. Ke2 Bb6 40.
Kd3 Ba5 41. Kc4 Kd6 42. a4 h5 43. Nd4 Kc7 44. Kb3 Kd6 45. Ne2 Kc5 46. Nxc3 Bxc3
47. Kxc3 f5 48. h4 g6 49. Kd3 Kd5 50. a5 Kc5 51. b6 Kc6 52. Kd4 Kd6 53. b7 Kc7
54. a6 Kb8 55. Kc5 Kc7 56. Kd5 Kb8 57. Kd6 Ka7 58. Kc7 Kxa6 59. b8=Q Ka5 60.
Kc6 Ka6 61. Qb6# 1-0

[Event "Championnat de France des Jeunes - Benja"]
[Site "LE GRAND BORNAND"]
[Date "????.??.22"]
[Round "5.15"]
[White "Costa, Elodie"]
[Black "Suescun, Melanie"]
[Result "0-1"]
[WhiteElo "1727"]
[BlackElo "1520"]
[PlyCount "92"]

1. e4 e5 2. Nf3 Nc6 3. Nc3 Nf6 4. d4 exd4 5. Nxd4 Bc5 6. Nxc6 bxc6 7. Bd3 O-O
8. O-O Re8 9. Bg5 h6 10. Bh4 Be7 11. Re1 Nh7 12. Bxe7 Qxe7 13. f4 Rb8 14. Na4
Bb7 15. Rb1 Nf6 16. b4 Qd8 17. Nc5 Bc8 18. a3 d6 19. Nb3 Bb7 20. Na5 Ba8 21. c4
c5 22. e5 Nd7 23. exd6 Rxe1+ 24. Qxe1 cxd6 25. b5 Rc8 26. Nb3 Nb6 27. Rd1 Qc7
28. Be4 Nxc4 29. Bxa8 Rxa8 30. Qe4 Nb6 31. Qc6 Rc8 32. Na5 d5 33. a4 Kh7 34. g3
Qe7 35. Qb7 Qe3+ 36. Kg2 Qe2+ 37. Kh3 Qxd1 38. Qxf7 Qxa4 39. Nc6 Qxb5 40. Ne7
Qe8 41. Qf5+ g6 42. Qe5 Qd7+ 43. f5 gxf5 44. Qf6 Qe8 45. Nxf5 Qf8 46. Qe6 Re8
0-1

[Event "Championnat de France des Jeunes - Pupilles"]
[Site "Aix-les-Bains"]
[Date ""]
[Round "5.1"]
[White "Viennot, Dylan"]
[Black "Msellek, Ilyass"]
[Result "1-0"]
[WhiteElo "1889"]
[BlackElo "1935"]
[Annotator ""]

1. Nc3 c5 2. Nf3 Nc6 3. e4 e6 4. Bb5 Nge7 5. O-O a6 6. Bxc6 Nxc6 7. d4 cxd4 8.
Nxd4 Be7 9. Re1 d6 10. Nxc6 bxc6 11. e5 d5 12. Qg4 Kf8 13. Ne2 h5 14. Qa4 Bd7
15. c3 c5 16. Qc2 Qa5 17. Nf4 c4 18. Re3 Ke8 19. Bd2 Rb8 20. Ne2 Ba4 21. Qb1
Qb6 22. Bc1 Bc5 23. Rf3 h4 24. Kf1 Ba3 25. b4 Bxc1 26. Qxc1 Rh5 27. Qf4 Qc7 28.
Re3 Bc2 29. Nd4 Bd3+ 30. Ke1 a5 31. b5 a4 32. a3 Rb6 33. Kd2 Qd7 34. Qg4 Rh7
35. Rae1 Rxb5 36. Nxb5 Qxb5 37. Rxd3 cxd3 38. Qb4 Qxb4 39. cxb4 Kd7 40. Kxd3
Rh5 41. Kd4 Rf5 42. f3 g6 43. Kc5 h3 44. b5 hxg2 45. Rg1 Rxf3 46. Kb4 Rf2 47.
Kxa4 d4 48. Ka5 d3 49. b6 d2 50. b7 Kc7 51. Ka6 Rf1 52. Ka7 d1=Q 53. b8=Q+ Kd7
54. Qb7+ Ke8 55. Qc8+ Ke7 56. Qc5+ 1-0

[Event "Championnat de France des Jeunes - Pupil"]
[Site "Aix-les-Bains"]
[Date "2009.04.22"]
[Round "5.2"]
[White "Ek, Alexandre"]
[Black "Kambrath, Yannick"]
[Result "1/2-1/2"]
[WhiteElo "1800"]
[BlackElo "1857"]
[PlyCount "107"]

1. e4 e5 2. Nf3 Nc6 3. Nc3 Nf6 4. Bb5 d6 5. d4 exd4 6. Nxd4 Bd7 7. O-O Be7 8.
Be3 O-O 9. h3 Nxd4 10. Qxd4 a6 11. Be2 Bc6 12. Rad1 Nd7 13. Nd5 Re8 14. Nb4 Bf6
15. Nxc6 bxc6 16. Qa4 c5 17. c3 Nb6 18. Qc2 Qe7 19. g4 c6 20. Bf3 Nc4 21. Bf4
Be5 22. Bxe5 Qxe5 23. Be2 Nb6 24. f4 Qe7 25. Bd3 c4 26. Be2 Rad8 27. Bf3 f6 28.
b3 d5 29. Rfe1 Qd6 30. Qd2 Kf7 31. Kg2 Qc7 32. Qc1 cxb3 33. axb3 dxe4 34. Rxe4
Rxe4 35. Bxe4 Rxd1 36. Qxd1 Qxf4 37. Bxc6 Qe5 38. Qd3 a5 39. Qd4 Qxd4 40. cxd4
Ke6 41. Be4 a4 42. bxa4 Nxa4 43. Kf3 g6 44. h4 Nc3 45. Bd3 Kd5 46. h5 gxh5 47.
gxh5 h6 48. Ke3 Nd1+ 49. Kf4 Kxd4 50. Bg6 Ne3 51. Bh7 Nf1 52. Kf5 Ng3+ 53. Kxf6
Nxh5+ 54. Kg6 1/2-1/2

[Event "Championnat de France des Jeunes - Pupil"]
[Site "Aix-les-Bains"]
[Date "2009.04.22"]
[Round "5.3"]
[White "Bellahcene, Bilel"]
[Black "Purenne, Benoit"]
[Result "1-0"]
[WhiteElo "1968"]
[BlackElo "1902"]
[PlyCount "109"]

1. e4 c5 2. Nf3 e6 3. d4 cxd4 4. Nxd4 a6 5. Nc3 Qc7 6. Be3 Nf6 7. f3 Bb4 8. Qd2
d5 9. e5 Qxe5 10. a3 Bc5 11. O-O-O Nc6 12. f4 Qd6 13. Nb3 Bxe3 14. Qxe3 O-O 15.
Be2 Rd8 16. Nd4 Nxd4 17. Rxd4 b5 18. g4 Bb7 19. Rg1 Rac8 20. Bd3 Nd7 21. Ne4
Qc7 22. Ng5 Nf6 23. Rg2 Re8 24. Nf3 Nd7 25. Ne5 g6 26. Nxd7 Qxd7 27. Qe5 Qc7
28. h4 Qxe5 29. fxe5 f6 30. Re2 fxe5 31. Rxe5 Kg7 32. g5 Bc6 33. h5 Bd7 34. Rh4
Rh8 35. h6+ Kf7 36. Kd2 Ke7 37. a4 Kd6 38. Re1 e5 39. axb5 axb5 40. Rb4 Rhf8
41. Ra1 Kc5 42. Rh4 Rf2+ 43. Ke1 Rf7 44. Ra6 Rc6 45. Rxc6+ Bxc6 46. Bxg6 hxg6
47. h7 Rf8 48. h8=Q Rxh8 49. Rxh8 Bd7 50. Rf8 Kd4 51. Rf6 Ke3 52. Rxg6 Bf5 53.
Rc6 d4 54. g6 d3 55. cxd3 1-0

[Event "Championnat de France des Jeunes - Pupil"]
[Site "Aix-les-Bains"]
[Date "2009.04.22"]
[Round "5.4"]
[White "Gelas, Christophe"]
[Black "Balagny-Carbuccia, Nicolas"]
[Result "1-0"]
[WhiteElo "1918"]
[BlackElo "1820"]
[PlyCount "71"]

1. d4 d5 2. c4 e6 3. Nc3 Nf6 4. Bg5 c6 5. e3 Nbd7 6. Nf3 Qa5 7. Nd2 Ne4 8.
Ndxe4 dxe4 9. Bh4 Bb4 10. Qc2 Nb6 11. Be2 Na4 12. Rc1 Nxc3 13. bxc3 Ba3 14. Rb1
O-O 15. O-O f5 16. c5 Re8 17. g4 b6 18. gxf5 exf5 19. cxb6 axb6 20. Bc4+ Kh8
21. Kh1 Ba6 22. Bxa6 Qxa6 23. Qb3 b5 24. Rg1 Ra7 25. Rg5 Be7 26. Qf7 Rg8 27.
Rh5 Bg5 28. Qxf5 Bh6 29. Rxh6 gxh6 30. Bf6+ Rag7 31. Bxg7+ Rxg7 32. Qf8+ Rg8
33. Qf6+ Rg7 34. Rg1 Qa7 35. Qf8+ Rg8 36. Rxg8# 1-0

[Event "Championnat de France des Jeunes - Pupil"]
[Site "Aix-les-Bains"]
[Date "2009.04.22"]
[Round "5.5"]
[White "Marie, Florian"]
[Black "Lamard, Guillaume"]
[Result "0-1"]
[WhiteElo "1660"]
[BlackElo "2113"]
[PlyCount "98"]

1. d4 d5 2. c4 c6 3. Nc3 Nf6 4. Nf3 e6 5. Bg5 Nbd7 6. e3 Qa5 7. Bxf6 Nxf6 8.
Qb3 Be7 9. Bd3 dxc4 10. Bxc4 b5 11. Bd3 O-O 12. O-O a6 13. Ne4 Nd7 14. Rfc1 Qb6
15. Qc2 f5 16. Neg5 c5 17. dxc5 Nxc5 18. Be2 Bb7 19. b4 Na4 20. Qc7 Bf6 21.
Qxb6 Nxb6 22. Nxe6 Bxa1 23. Nxf8 Bb2 24. Rc2 Ba3 25. Ne6 Rc8 26. Rxc8+ Bxc8 27.
Nc7 Bxb4 28. Nd4 Kf7 29. Nxf5 Bxf5 30. Nxa6 Bd6 31. Bxb5 Be6 32. Kf1 Bxa2 33.
Ke2 Bc4+ 34. Bxc4+ Nxc4 35. Kd3 Ne5+ 36. Ke4 Ng4 37. f4 Nxh2 38. Kd5 Ba3 39.
Nc5 Ng4 40. e4 Ne3+ 41. Kd4 Bxc5+ 42. Kxc5 Nxg2 43. f5 Ne3 44. Kd4 Nxf5+ 45.
exf5 Kf6 46. Ke4 Kg5 47. Ke3 Kxf5 48. Kf3 g5 49. Kg3 g4 0-1